[Event "Êîìàíäíîå ïåð-âî ÐÔ 2012 ã. ïî êëàññè÷åñêèì øàõìàòàì "]
[Site "Ðûáèíñê"]
[Date "2012.08.03"]
[Round "2.12"]
[White "Áàéãèëüäèí Àëüáåðò "]
[Black "Êîð÷ìàðü Âàñèëèé "]
[Result "0-1"]
[WhiteElo "2170"]
[BlackElo "2234"]
[Annotator ""]
[Source ""]
[Remark ""]

1.e4 c5 2.Nf3 e6 3.d4 cxd4 4.Nxd4 Nc6 5.Nc3 a6 6.Be2 Qc7 7.O-O
Nf6 8.Be3 Be7 9.f4 d6 10.Bf3 O-O 11.a4 Re8 12.Nb3 b6 13.g4 Bb7
14.Qe1 d5 15.exd5 Nb4 16.Qf2 exd5 17.g5 Nd7 18.Rad1 Rad8 19.Nxd5
Bxd5 20.Bxd5 Nc5 21.Bg2 Nxa4 22.Nd4 Nxb2 23.Rb1 Nc4 24.c3 Nxe3
25.Qxe3 Bc5 26.Qh3 Nc2 27.Kh1 Nxd4 28.cxd4 Bxd4 29.f5 f6 30.gxf6
Bxf6 31.Qb3+ Kh8 32.Qxb6 Qc4 33.Rfe1 Qh4 34.Qa5 Bg5 35.Qc3 Bf4
36.Rxe8+ Rxe8 37.Qh3 Qg5 38.Qd3 a5 39.Bd5 Qh4 40.Qc2 a4 41.Rg1
a3 42.Qg2 Qh6 43.Bf7 Rd8 44.Re1 Qf6 45.Be6 Rb8 46.Qg4 Qc3 47.Rf1
Be5 48.f6 Bxf6 49.Bd5 Qd3 50.Rd1 Qc2 51.Be4 Qb3 52.Qh5 Qxd1+
53.Qxd1 a2 0-1

[Event "Êîìàíäíîå ïåð-âî ÐÔ 2012 ã. ïî êëàññè÷åñêèì øàõìàòàì "]
[Site "Ðûáèíñê"]
[Date "2012.08.03"]
[Round "2.13"]
[White "Åðàìÿí Ãàìëåò"]
[Black "Èâàíîâ Ñòåïàí"]
[Result "1/2-1/2"]
[WhiteElo "2070"]
[BlackElo "2044"]
[Annotator ""]
[Source ""]
[Remark ""]

1.d4 Nf6 2.g3 e6 3.Bg2 d5 4.c4 dxc4 5.Qa4+ Nbd7 6.Nf3 c5 7.O-O
a6 8.Qxc4 b5 9.Qc2 Bb7 10.Bg5 Rc8 11.Qd1 Qb6 12.Be3 Nd5 13.dxc5
Nxe3 14.cxb6 Nxd1 15.Rxd1 Nxb6 16.Nbd2 Be7 17.Rac1 O-O 18.Ne5
Bxg2 19.Kxg2 Na4 20.Nd3 Bf6 21.Ne4 Bxb2 22.Nxb2 Nxb2 23.Rxc8
Rxc8 24.Rd6 a5 25.Rb6 b4 26.Nd2 g6 27.Nb3 Ra8 28.Rb5 Na4 29.Rxa5
Rxa5 30.Nxa5 Nc3 31.Kf3 Nxa2 32.Ke3 Kg7 33.Kd3 Kf6 34.e4 e5 35.f3
Ke6 36.Kc4 f5 37.Nb3 f4 38.Nc5+ Kd6 39.gxf4 exf4 40.Nd3 g5 41.Kb3
Nc3 42.Kxb4 Ne2 43.Ne1 h5 44.Kc4 Ng1 45.Kd4 Ne2+ 46.Kd3 Ng1 47.Kd4
g4 48.fxg4 hxg4 49.e5+ Ke6 50.Ke4 f3 51.Nxf3 Nxf3 52.Kf4 Nxh2
53.Kg3 Kxe5 1/2-1/2

[Event "Êîìàíäíîå ïåð-âî ÐÔ 2012 ã. ïî êëàññè÷åñêèì øàõìàòàì "]
[Site "Ðûáèíñê"]
[Date "2012.08.03"]
[Round "2.14"]
[White "Íàñûáóëèíà Àëüôèÿ"]
[Black "Òîìíèêîâà Ëèäèÿ"]
[Result "1-0"]
[WhiteElo "2064"]
[BlackElo "2068"]
[Annotator ""]
[Source ""]
[Remark ""]

1.d4 Nf6 2.Nf3 e6 3.g3 b6 4.Bg2 Bb7 5.O-O Be7 6.c4 O-O 7.Nc3
d5 8.Qb3 Nbd7 9.Bf4 Rc8 10.c5 Ne4 11.Rac1 e5 12.Bxe5 Nxe5 13.Nxe5
Nd2 14.Qa4 bxc5 15.Rfd1 cxd4 16.Qxd4 Bd6 17.Nxd5 c5 18.Qc3 Bxe5
19.Qxe5 Re8 20.Qf4 Bxd5 21.Rxd2 g5 22.Qf5 Be4 23.Rxd8 Bxf5 24.Rxe8+
Rxe8 25.Rxc5 Bg6 26.e4 h6 27.Rc7 Rd8 28.Kf1 Rd2 29.Rxa7 Rxb2
30.a4 Rb4 31.f3 Rb1+ 32.Kf2 Rb2+ 33.Kg1 Rb1+ 34.Bf1 g4 35.fxg4
Bxe4 36.Kf2 Bd5 37.Ra5 Bb3 38.Rb5 Bc2 39.Rxb1 Bxb1 40.Bg2 Bd3
41.Bb7 1-0

[Event "Êîìàíäíîå ïåð-âî ÐÔ 2012 ã. ïî êëàññè÷åñêèì øàõìàòàì "]
[Site "Ðûáèíñê"]
[Date "2012.08.03"]
[Round "2.21"]
[White "Ëåïêàñîâ Âëàäèñëàâ"]
[Black "Þäèí Èâàí"]
[Result "0-1"]
[WhiteElo "2171"]
[BlackElo "2268"]
[Annotator ""]
[Source ""]
[Remark ""]

1.e4 c5 2.Nf3 d6 3.d4 cxd4 4.Nxd4 Nf6 5.Nc3 a6 6.Be3 e6 7.Be2
Nbd7 8.O-O b5 9.a4 b4 10.Nc6 Qc7 11.Nxb4 d5 12.Nba2 dxe4 13.Qd4
Bb7 14.Rfd1 Be7 15.b4 Rc8 16.Rab1 O-O 17.b5 Bc5 18.Qd2 a5 19.Bxc5
Qxc5 20.b6 Nxb6 21.Rb5 Qc6 22.Rdb1 e3 23.Bf3 Qxf3 24.gxf3 exd2
25.Rxb6 Bxf3 26.Nd1 Bxd1 27.Rxd1 Rxc2 28.Nc3 Rxc3 29.Rxd2 Rc4
30.Ra2 Nd5 31.Rb7 Nc3 32.Rc2 Rg4+ 33.Kf1 Nxa4 34.Rb5 g6 35.h3
Rf4 36.Rxa5 Nb6 37.Ra3 Nd5 38.Kg2 Rb8 0-1

[Event "Êîìàíäíîå ïåð-âî ÐÔ 2012 ã. ïî êëàññè÷åñêèì øàõìàòàì "]
[Site "Ðûáèíñê"]
[Date "2012.08.03"]
[Round "2.22"]
[White "Ãðèøèí Àëåêñàíäð"]
[Black "Èïàòîâ Àëåêñàíäð"]
[Result "0-1"]
[WhiteElo "2229"]
[BlackElo "2159"]
[Annotator ""]
[Source ""]
[Remark ""]

1.Nf3 Nf6 2.c4 g6 3.Nc3 Bg7 4.e4 d6 5.d4 O-O 6.Be2 e5 7.O-O Nc6
8.d5 Ne7 9.b4 a5 10.bxa5 Rxa5 11.a4 Nd7 12.Ba3 h6 13.Bb4 Ra8
14.Nd2 f5 15.Bd3 f4 16.f3 g5 17.Nb3 Nf6 18.Be2 c5 19.dxc6 Qb6+
20.Kh1 Qxb4 21.cxb7 Bxb7 22.Nb5 Rxa4 23.Rb1 Ra2 24.N3d4 Qd2 25.c5
d5 26.Ne6 Qxe2 27.Qxe2 Rxe2 28.Nc3 Rc2 29.Rxb7 Rxc3 30.Nxg7 Kxg7
31.Rxe7+ Rf7 32.Rxe5 dxe4 33.h4 e3 34.hxg5 Nd7 35.gxh6+ Kxh6
36.Re6+ Rf6 37.Re7 Nxc5 38.g3 Re6 39.Rxe6+ Nxe6 40.Ra1 Kg5 41.Kg2
Rc2+ 42.Kh3 Nc5 43.g4 e2 44.Re1 Kg6 0-1

[Event "Êîìàíäíîå ïåð-âî ÐÔ 2012 ã. ïî êëàññè÷åñêèì øàõìàòàì "]
[Site "Ðûáèíñê"]
[Date "2012.08.03"]
[Round "2.23"]
[White "Åðìîëàåâ Åâãåíèé"]
[Black "Ïàê Àëåêñàíäð"]
[Result "1-0"]
[WhiteElo "2161"]
[BlackElo "1104"]
[Annotator ""]
[Source ""]
[Remark ""]

1.e4 c5 2.Nf3 d6 3.d4 cxd4 4.Nxd4 Nf6 5.Nc3 a6 6.Bg5 e6 7.f4
Qb6 8.Qd2 Qxb2 9.Rb1 Qa3 10.f5 Nc6 11.fxe6 fxe6 12.Nxc6 bxc6
13.e5 dxe5 14.Bxf6 gxf6 15.Ne4 Qxa2 16.Rd1 Be7 17.Be2 h5 18.O-O
Ra7 19.Qc3 f5 20.Qxe5 O-O 21.Qg3+ Kh8 22.Qe3 fxe4 23.Qxa7 Rxf1+
24.Rxf1 Qa3 25.Qd4+ Kg8 26.Qxe4 Bc5+ 27.Kh1 Qe3 28.Qg6+ Kh8 29.Bd3 1-0

[Event "Êîìàíäíîå ïåð-âî ÐÔ 2012 ã. ïî êëàññè÷åñêèì øàõìàòàì "]
[Site "Ðûáèíñê"]
[Date "2012.08.03"]
[Round "2.24"]
[White "Ïàðàìçèíà Àíàñòàñèÿ"]
[Black "Ìàêàðåíêî Àëåêñàíäðà"]
[Result "0-1"]
[WhiteElo "2021"]
[BlackElo "2123"]
[Annotator ""]
[Source ""]
[Remark ""]

1.e4 e5 2.Nf3 Nc6 3.Bb5 g6 4.O-O Bg7 5.c3 a6 6.Bc4 d6 7.h3 Qe7
8.d4 Bd7 9.Re1 Nf6 10.dxe5 Nxe5 11.Nxe5 dxe5 12.Bg5 h6 13.Bd2
Bc6 14.Bd5 Nxd5 15.exd5 Bxd5 16.Bxh6 Rxh6 17.Qxd5 c6 18.Qf3 O-O-O
19.Na3 f5 20.Rad1 e4 21.Qf4 Rh4 22.Qe3 Bh6 23.Qa7 Rxd1 24.Rxd1
e3 25.g3 e2 26.Re1 Re4 0-1

[Event "Êîìàíäíîå ïåð-âî ÐÔ 2012 ã. ïî êëàññè÷åñêèì øàõìàòàì "]
[Site "Ðûáèíñê"]
[Date "2012.08.03"]
[Round "2.31"]
[White "Áîÿðñêèé Àëåêñàíäð"]
[Black "Ãîðáóøèí Ìàêñèì"]
[Result "1-0"]
[WhiteElo "2210"]
[BlackElo "2200"]
[Annotator ""]
[Source ""]
[Remark ""]

1.e4 c5 2.c3 Nf6 3.e5 Nd5 4.d4 cxd4 5.cxd4 d6 6.Nf3 Nc6 7.Bc4
Nb6 8.Bb5 Bd7 9.Nc3 dxe5 10.Nxe5 Nxe5 11.dxe5 Bxb5 12.Nxb5 Qxd1+
13.Kxd1 O-O-O+ 14.Ke2 Rd5 15.a4 a6 16.Be3 Rxe5 17.Rac1+ Kb8 18.Rhd1
axb5 19.Rd8+ Ka7 20.axb5 Rxe3+ 21.fxe3 Nd5 22.Rxd5 g6 23.Rc7
Bg7 24.Rdd7 Rb8 25.Rxe7 Bxb2 26.Rxf7 Be5 27.Rcd7 Bxh2 28.Rd5
h6 29.Kf3 Bg1 30.Rd1 Bh2 31.g3 1-0

[Event "Êîìàíäíîå ïåð-âî ÐÔ 2012 ã. ïî êëàññè÷åñêèì øàõìàòàì "]
[Site "Ðûáèíñê"]
[Date "2012.08.03"]
[Round "2.32"]
[White "Ïîâîëîöêèé Åâãåíèé"]
[Black "Ñóòîðìèí Äàíèëà"]
[Result "1-0"]
[WhiteElo "2049"]
[BlackElo "2224"]
[Annotator ""]
[Source ""]
[Remark ""]

1.d4 Nf6 2.c4 g6 3.Nc3 Bg7 4.Bg5 h6 5.Bh4 O-O 6.Nf3 d6 7.e3 Nbd7
8.Be2 e5 9.O-O Re8 10.dxe5 dxe5 11.Qc2 c6 12.Rad1 Qc7 13.b4 Nf8
14.c5 Bf5 15.Qb3 Be6 16.Bc4 g5 17.Bg3 Bg4 18.Rd6 Bxf3 19.gxf3
b5 20.Be2 a5 21.a3 axb4 22.axb4 Re6 23.Rfd1 Ne8 24.Rxe6 Nxe6
25.Bf1 Qe7 26.Bh3 N8c7 27.Bf5 Nd8 28.Rd7 Qf6 29.Be4 Nce6 30.Rd6
Bf8 31.Rd1 Ra7 32.Kg2 h5 33.h3 Be7 34.Qb2 Qg7 35.Ne2 Bf6 36.Rd6
g4 37.hxg4 hxg4 38.fxg4 Qxg4 39.f3 Qg5 40.Kf2 Be7 41.Rd1 Bf6
42.Rg1 Ng7 43.Qd2 Ra3 44.Rh1 Nh5 45.Bh4 Qxh4+ 46.Rxh4 Bxh4+ 47.Kg2
Ng7 48.Ng3 Nde6 49.Bxc6 Bg5 50.Bxb5 Bxe3 51.Qb2 Nf4+ 52.Kh2 Ra8
53.c6 Bd4 54.Qc2 Nge6 55.Nf5 Ra1 56.Nxd4 Nxd4 57.c7 1-0

[Event "Êîìàíäíîå ïåð-âî ÐÔ 2012 ã. ïî êëàññè÷åñêèì øàõìàòàì "]
[Site "Ðûáèíñê"]
[Date "2012.08.03"]
[Round "2.33"]
[White "Âàñèëåíêî Àðòåì"]
[Black "Ñîôüèí Ïàâåë"]
[Result "1-0"]
[WhiteElo "2135"]
[BlackElo "2071"]
[Annotator ""]
[Source ""]
[Remark ""]

1.e4 d6 2.d4 Nf6 3.f3 e5 4.d5 g6 5.c4 Bg7 6.Nc3 O-O 7.Nge2 Nh5
8.Be3 f5 9.exf5 gxf5 10.Qd2 a6 11.Bg5 Qe8 12.Bh6 Qg6 13.Bxg7
Nxg7 14.Ng3 Nd7 15.Bd3 Nc5 16.Bc2 Qf6 17.b4 Nd7 18.O-O Qh4 19.Bd3
Rf6 20.Rfe1 Rh6 21.Nf1 f4 22.Qf2 Qh5 23.c5 Nf8 24.cxd6 cxd6 25.Qb6
Bf5 26.Ne4 Rg6 27.Kf2 Bxe4 28.Bxe4 Nf5 29.Bxf5 Qxf5 30.Re2 Qd3
31.Rd2 Qc3 32.Qxb7 Rd8 33.Rad1 Rd7 34.Qxa6 Rdg7 35.g3 Qxb4 36.Qd3
Rf6 37.g4 Ra7 38.Rb1 Qc5+ 39.Kg2 Rff7 40.Rc2 Qa3 41.Rb3 Qa4 42.Nd2
Ng6 43.Ne4 Qd7 44.Rb6 Ra4 45.Rxd6 Qa7 46.Nf6+ Kg7 47.Nh5+ Kh6
48.Qd2 Kg5 49.Qe2 e4 50.Qf2 Nh4+ 51.Kh1 Nxf3 52.Rd8 Qxf2 53.Rg8+ 1-0

[Event "Êîìàíäíîå ïåð-âî ÐÔ 2012 ã. ïî êëàññè÷åñêèì øàõìàòàì "]
[Site "Ðûáèíñê"]
[Date "2012.08.03"]
[Round "2.34"]
[White "Êðîòþê Äàðüÿ"]
[Black "×õàíü Âèêòîðèÿ"]
[Result "1-0"]
[WhiteElo "1874"]
[BlackElo "2058"]
[Annotator ""]
[Source ""]
[Remark ""]

1.e4 e6 2.d4 d5 3.exd5 exd5 4.Bd3 Nc6 5.c3 Bd6 6.Nf3 Bg4 7.O-O
Qd7 8.Re1+ Nge7 9.Bg5 f6 10.Bh4 g5 11.Bg3 Bxg3 12.fxg3 O-O-O
13.b4 Rde8 14.Nbd2 h5 15.Qa4 Kb8 16.Nb3 h4 17.Nc5 Qd6 18.Qb5
Nd8 19.Kf2 Reg8 20.Re3 c6 21.Qa4 Bf5 22.Rae1 Bxd3 23.Rxe7 Bf5
24.b5 Rh7 25.Rxh7 Bxh7 26.bxc6 Nxc6 27.Re6 Qc7 28.Na6+ bxa6 29.Rxc6
Qb7 30.Qxa6 Qb2+ 31.Qe2 hxg3+ 32.hxg3 Qxe2+ 33.Kxe2 Rf8 34.Nd2
g4 35.Rd6 Re8+ 36.Kd1 Re3 37.Rxf6 Bd3 38.Rf2 Rxg3 39.Kc1 Re3
40.Kb2 Bb5 41.Nb3 g3 42.Rd2 Re1 43.Nc5 Rf1 44.Ne6 Rf2 45.Kc1
Bd7 46.Ng7 Bg4 47.Ne8 Kc8 48.c4 Kd7 49.Ng7 dxc4 50.d5 Rf7 51.Ne6
c3 52.Nc5+ Kd6 53.Ne4+ Ke5 54.Nxc3 Rf1+ 55.Kb2 Rf2 56.Kc1 Rf1+
57.Kc2 Bf5+ 58.Kb2 Rf2 59.Kc1 Bh3 60.gxh3 g2 61.Rd1 Rf1 62.Ne2
Kd6 63.h4 Rh1 64.Rg1 Kxd5 65.h5 Ke5 66.Kd2 Rh2 67.h6 Ke4 68.Ke1
Kf3 69.Nd4+ Kg3 70.Nf5+ Kf3 71.Nd4+ Kg3 72.Ke2 Rh1 73.Nf5+ Kh2
74.Nh4 Kh3 75.Rxg2 1-0

[Event "Êîìàíäíîå ïåð-âî ÐÔ 2012 ã. ïî êëàññè÷åñêèì øàõìàòàì "]
[Site "Ðûáèíñê"]
[Date "2012.08.03"]
[Round "2.41"]
[White "Ïîëîñèí Åâãåíèé"]
[Black "Åëèñååâ Þðèé"]
[Result "0-1"]
[WhiteElo "2065"]
[BlackElo "2480"]
[Annotator ""]
[Source ""]
[Remark ""]

1.Nf3 Nf6 2.b3 d5 3.e3 Bf5 4.Bb2 e6 5.Ne5 Nbd7 6.g4 Be4 7.f3
Nxe5 8.Bxe5 Nxg4 9.Bf4 Qh4+ 10.Bg3 Qf6 11.fxe4 Qxa1 12.Bxc7 a6
13.exd5 Be7 14.Qxg4 Qxb1+ 15.Ke2 Qxc2 16.Qxg7 Kd7 17.d6 Qg6 18.Qd4
Qh5+ 19.Kd3 Qb5+ 20.Kc3 Qc6+ 21.Kb2 Qxh1 22.dxe7+ Kxc7 23.Qf4+
Kd7 24.Qxf7 Rhe8 25.Bc4 Qe4 26.Qh5 Rxe7 27.Qa5 b5 28.d3 Qg2+ 0-1

[Event "Êîìàíäíîå ïåð-âî ÐÔ 2012 ã. ïî êëàññè÷åñêèì øàõìàòàì "]
[Site "Ðûáèíñê"]
[Date "2012.08.03"]
[Round "2.42"]
[White "Âàâóëèí Ìàêñèì"]
[Black "Õàæèïîâ Òèìóð"]
[Result "0-1"]
[WhiteElo "2292"]
[BlackElo "2107"]
[Annotator ""]
[Source ""]
[Remark ""]

1.e4 c5 2.Nf3 d6 3.d4 cxd4 4.Nxd4 Nf6 5.Nc3 a6 6.Be3 e6 7.g4
b5 8.g5 Nfd7 9.a3 Bb7 10.f4 Nc6 11.Qf3 Be7 12.h4 Nxd4 13.Bxd4
e5 14.fxe5 dxe5 15.Be3 Qc7 16.O-O-O O-O 17.Bh3 Nb6 18.Bxb6 Qxb6
19.Rd7 Bc5 20.Rf1 Be3+ 21.Kb1 Bf4 22.Rfd1 Rad8 23.Qd3 Rxd7 24.Qxd7
b4 25.axb4 Qxb4 26.Bg2 Qb6 27.Bf1 Bc6 28.Qd6 Qb7 29.Nd5 Bxd5
30.Rxd5 a5 31.Bc4 g6 32.Bb5 Qa7 33.Rc5 Qb8 34.Qc6 Bg3 35.h5 Qd8
36.hxg6 hxg6 37.Bc4 Qxg5 38.Rxa5 Kg7 39.Ka2 Qd2 40.c3 Qf4 41.Ra7
Bf2 42.Rd7 g5 43.Bf1 g4 44.Qd5 Bh4 45.Bg2 Bf6 46.b4 Qc1 47.Qd2
Ra8+ 48.Kb3 Qa3+ 49.Kc4 Rc8+ 50.Kd3 Qa6+ 51.Kc2 Qa2+ 52.Kd1 Qb3+
53.Qc2 Rxc3 54.Qxb3 Rxb3 55.Rb7 Rb2 56.Bf1 g3 57.b5 g2 58.Bxg2
Rxg2 59.Rd7 Rb2 60.Rd5 Rb4 0-1

[Event "Êîìàíäíîå ïåð-âî ÐÔ 2012 ã. ïî êëàññè÷åñêèì øàõìàòàì "]
[Site "Ðûáèíñê"]
[Date "2012.08.03"]
[Round "2.43"]
[White "Ïàíîâ Ìàêñèì"]
[Black "Ñàâåíêîâ Êîíñòàíòèí"]
[Result "0-1"]
[WhiteElo "2091"]
[BlackElo "2162"]
[Annotator ""]
[Source ""]
[Remark ""]

1.c4 b6 2.Nc3 Bb7 3.e4 e6 4.d3 Bb4 5.Nge2 Ne7 6.g3 O-O 7.Bg2
d5 8.exd5 exd5 9.O-O Qc8 10.Nxd5 Nxd5 11.cxd5 Bd6 12.Bf4 Qd8
13.Rc1 Nd7 14.Bxd6 cxd6 15.Nd4 Qf6 16.Nc6 Ba6 17.Nb4 Nc5 18.Nxa6
Nxa6 19.d4 Qd8 20.Qa4 Nc7 21.Qc6 Ne8 22.Rfe1 Nf6 23.Bh3 Re8 24.Rxe8+
Nxe8 25.Re1 Rb8 26.Kg2 h6 27.b4 Nf6 28.Re3 Nh7 29.Bf5 g6 30.Bd7
Qf6 31.h4 Nf8 32.Bh3 Qd8 33.h5 Kg7 34.hxg6 Nxg6 35.Qc2 Qg5 36.Qe4
Rb7 37.Kh2 Re7 38.Qf3 Rxe3 39.fxe3 Ne7 40.Bg2 Nf5 41.e4 Nxd4
42.Qc3 Qh5+ 43.Kg1 Qe5 44.Qe3 Nf5 45.Qf3 Nxg3 46.Qg4+ Qg5 47.Qd7
Qe3+ 48.Kh2 Qf4 49.Kh3 Ne2 50.Qg4+ Qxg4+ 51.Kxg4 Kf6 52.a3 Ke5
53.Bf3 Nc3 54.Kh5 Nxe4 55.Kxh6 f5 56.Kh5 Kxd5 57.Kg6 Ke5 0-1

[Event "Êîìàíäíîå ïåð-âî ÐÔ 2012 ã. ïî êëàññè÷åñêèì øàõìàòàì "]
[Site "Ðûáèíñê"]
[Date "2012.08.03"]
[Round "2.44"]
[White "Ñåâåðèíà Ìàðèÿ"]
[Black "Õàôèçîâà ßíà"]
[Result "1-0"]
[WhiteElo "2158"]
[BlackElo "1920"]
[Annotator ""]
[Source ""]
[Remark ""]

1.d4 d5 2.c4 c6 3.Nc3 Nf6 4.Nf3 e6 5.e3 Nbd7 6.Bd3 Be7 7.O-O
O-O 8.e4 dxc4 9.Bxc4 b5 10.Bd3 Nb6 11.e5 Nfd5 12.Ne4 a5 13.Nfg5
h6 14.Qh5 Nb4 15.Bb1 N6d5 16.Nh7 Re8 17.Bxh6 g6 18.Nef6+ Nxf6
19.Nxf6+ Bxf6 20.Bxg6 Qe7 21.exf6 Qxf6 22.Bh7+ Kh8 23.Bg5 Qg7
24.Be4+ Kg8 25.Qh4 Nd5 26.Bh6 Qf6 27.Qxf6 Nxf6 28.Bxc6 1-0

[Event "Êîìàíäíîå ïåð-âî ÐÔ 2012 ã. ïî êëàññè÷åñêèì øàõìàòàì "]
[Site "Ðûáèíñê"]
[Date "2012.08.03"]
[Round "2.51"]
[White "Áóêàâøèí Èâàí"]
[Black "Òàðàñîâ Àëåêñàíäð"]
[Result "0-1"]
[WhiteElo "2498"]
[BlackElo "2124"]
[Annotator ""]
[Source ""]
[Remark ""]

1.Nf3 Nf6 2.c4 e6 3.Nc3 Bb4 4.Qc2 O-O 5.a3 Bxc3 6.Qxc3 b6 7.e3
Bb7 8.Be2 d6 9.O-O Nbd7 10.d4 Ne4 11.Qc2 f5 12.b4 Rf6 13.d5 Rg6
14.Nd4 Qg5 15.g3 Ne5 16.Nxe6 Rxe6 17.dxe6 Qg6 18.Rd1 Ng5 19.Rd5
Qxe6 20.Qd1 b5 21.h4 bxc4 22.Rxe5 Qxe5 23.hxg5 Qxa1 24.Bxc4+
Kh8 25.Bf1 Qe5 26.Qh5 Qe8 0-1

[Event "Êîìàíäíîå ïåð-âî ÐÔ 2012 ã. ïî êëàññè÷åñêèì øàõìàòàì "]
[Site "Ðûáèíñê"]
[Date "2012.08.03"]
[Round "2.52"]
[White "Êîæåâíèêîâ Èâàí"]
[Black "Ïðåäêå Àëåêñàíäð"]
[Result "0-1"]
[WhiteElo "2073"]
[BlackElo "2475"]
[Annotator ""]
[Source ""]
[Remark ""]

1.e4 e5 2.Nf3 Nc6 3.Bb5 a6 4.Ba4 Nf6 5.O-O b5 6.Bb3 Bc5 7.a4
Rb8 8.axb5 axb5 9.Nxe5 Nxe5 10.d4 Bxd4 11.Qxd4 d6 12.f4 Nc6 13.Qc3
Ne7 14.Ra7 c6 15.Rxe7+ Qxe7 16.e5 Ng4 17.exd6 Qa7+ 18.Kh1 Nf2+
19.Rxf2 Qxf2 20.d7+ Bxd7 21.Qe5+ Be6 22.Qxb8+ Kd7 23.Bxe6+ fxe6
24.Qb7+ Kd6 25.h3 Qf1+ 26.Kh2 Qxc1 27.Qxg7 Qxf4+ 28.Kh1 Qe5 29.Qa7
Qxb2 30.Kh2 Rf8 31.c4 Qe5+ 32.Kg1 Qc5+ 0-1

[Event "Êîìàíäíîå ïåð-âî ÐÔ 2012 ã. ïî êëàññè÷åñêèì øàõìàòàì "]
[Site "Ðûáèíñê"]
[Date "2012.08.03"]
[Round "2.53"]
[White "Ñàíæàåâ Äàðñåí"]
[Black "Åëåöêèé Þðèé"]
[Result "1/2-1/2"]
[WhiteElo "2335"]
[BlackElo "2115"]
[Annotator ""]
[Source ""]
[Remark ""]

1.d4 d5 2.c4 c6 3.Nf3 Nf6 4.e3 e6 5.b3 Bd6 6.Bb2 O-O 7.Bd3 Nbd7
8.O-O b6 9.Ne5 Bb7 10.f4 c5 11.Nd2 Ne4 12.cxd5 exd5 13.Nxe4 dxe4
14.Bc4 Nf6 15.Qe1 Qe7 16.Qg3 cxd4 17.Bxd4 Bc5 18.Rad1 Rad8 19.Bxc5
bxc5 20.Rxd8 Qxd8 21.Qf2 Bd5 22.Rd1 Qa8 23.Qd2 Bxc4 24.Nxc4 Qc8
25.h3 Qf5 26.Qa5 Qh5 27.Re1 Nd5 28.Qxa7 Qh4 29.Rf1 Nc3 30.Qxc5
Ne2+ 31.Kh2 Qg3+ 32.Kh1 Qh4 33.Rd1 Qf2 34.a4 Nxf4 35.Qg5 Ne2
36.Kh2 f5 37.a5 h6 38.Qg6 Rf6 39.Rd8+ Rf8 40.Rd1 Rf6 41.Rd8+
Rf8 42.Rd1 1/2-1/2

[Event "Êîìàíäíîå ïåð-âî ÐÔ 2012 ã. ïî êëàññè÷åñêèì øàõìàòàì "]
[Site "Ðûáèíñê"]
[Date "2012.08.03"]
[Round "2.54"]
[White "Êèñòåíåâà Åëèçàâåòà"]
[Black "Ìèðçàåâà Ãóëüíàðà"]
[Result "0-1"]
[WhiteElo "2040"]
[BlackElo "1776"]
[Annotator ""]
[Source ""]
[Remark ""]

1.e4 e5 2.Nf3 Nc6 3.Bb5 f5 4.d3 fxe4 5.dxe4 Nf6 6.Nc3 Bb4 7.Qd3
Bxc3+ 8.bxc3 d6 9.Qc4 Bd7 10.O-O a6 11.Bxc6 Bxc6 12.Re1 Qd7 13.Ba3
O-O-O 14.Rab1 Nxe4 15.Rbd1 Qg4 16.Nxe5 dxe5 17.Rxd8+ Rxd8 18.f3
Qd7 19.fxe4 Bb5 20.Qc5 Qd2 21.Ra1 Qxc2 22.Qxe5 Re8 23.Qc5 Qxe4
24.Qd4 Qe2 25.Qf2 Qxf2+ 26.Kxf2 Re2+ 27.Kf3 Rc2 28.Bb4 Bc6+ 29.Kf4
Rxg2 30.h4 h5 31.Be7 Kd7 32.Bg5 Bb5 33.Rd1+ Kc6 34.a3 Rc2 35.Rd4
Rxc3 36.a4 Be2 0-1

[Event "Êîìàíäíîå ïåð-âî ÐÔ 2012 ã. ïî êëàññè÷åñêèì øàõìàòàì "]
[Site "Ðûáèíñê"]
[Date "2012.08.03"]
[Round "2.61"]
[White "Ìàõìóòîâ Ðàèëü"]
[Black "Äåíèñîâ Âëàäèñëàâ"]
[Result "1-0"]
[WhiteElo "2391"]
[BlackElo "2110"]
[Annotator ""]
[Source ""]
[Remark ""]

1.d4 d5 2.c4 e6 3.Nc3 Nf6 4.cxd5 exd5 5.Bg5 Be7 6.e3 c6 7.Qc2
O-O 8.Bd3 h6 9.Bh4 Re8 10.Nf3 Nbd7 11.Nd2 c5 12.O-O c4 13.Bf5
Nf8 14.Bxc8 Rxc8 15.Bxf6 Bxf6 16.Qf5 a6 17.a4 Ne6 18.Qxd5 Be7
19.Qxb7 a5 20.Qd5 Bb4 21.Qxd8 Rexd8 22.Rfd1 f5 23.g3 Ng5 24.Kg2
Kf7 25.Rac1 Ke6 26.Rc2 Rd7 27.Rdc1 Nf7 28.Ncb1 1-0

[Event "Êîìàíäíîå ïåð-âî ÐÔ 2012 ã. ïî êëàññè÷åñêèì øàõìàòàì "]
[Site "Ðûáèíñê"]
[Date "2012.08.03"]
[Round "2.62"]
[White "Ïàÿíèäè ßíèñ"]
[Black "Ôàéçðàõìàíîâ Ðàìèëü"]
[Result "0-1"]
[WhiteElo "2096"]
[BlackElo "2291"]
[Annotator ""]
[Source ""]
[Remark ""]

1.e4 c6 2.Nc3 d5 3.Nf3 Bg4 4.d4 dxe4 5.Nxe4 e6 6.Be2 Nd7 7.c4
Ngf6 8.Nxf6+ Nxf6 9.O-O Be7 10.Be3 O-O 11.Qb3 Qc7 12.Rfd1 Rfd8
13.Rac1 Rac8 14.h3 Bh5 15.Qa4 Qb8 16.b4 b5 17.cxb5 cxb5 18.Qb3
Nd5 19.a3 Bd6 20.Rxc8 Rxc8 21.Rc1 a6 22.Qb2 f6 23.Rxc8+ Qxc8
24.Qc1 Qxc1+ 25.Bxc1 Nc3 26.Bd3 Bxf3 27.gxf3 f5 28.Kf1 Kf7 29.Bc2
Ke7 30.Bb3 Kd7 31.Bb2 Na4 32.Bc1 Nb6 33.Ke2 h6 34.f4 Be7 35.Kd3
Kd6 36.Bd1 Nd5 37.Bf3 Bh4 38.Be3 Bf6 39.Bd2 Be7 40.Bc1 Kc6 41.Bg2
Bd6 42.Bf3 Bc7 43.Bd2 Kd6 44.Bg2 Bd8 45.Bh1 Bh4 46.Be3 g5 47.fxg5
hxg5 48.Bd2 Ke7 49.Bxd5 exd5 50.Ke3 Kf6 51.Kf3 Kg6 52.Bc1 Kh5
53.Be3 g4+ 54.hxg4+ fxg4+ 55.Kg2 Kg6 56.Bd2 Kf6 57.f3 Kf5 58.Bc3
Bg5 59.Bb2 Bd2 60.fxg4+ Ke4 61.Kg3 Kd3 0-1

[Event "Êîìàíäíîå ïåð-âî ÐÔ 2012 ã. ïî êëàññè÷åñêèì øàõìàòàì "]
[Site "Ðûáèíñê"]
[Date "2012.08.03"]
[Round "2.63"]
[White "Ñàäûêîâ Ðàìèëü"]
[Black "Ãëóøêîâ Ëåâ"]
[Result "1-0"]
[WhiteElo "2258"]
[BlackElo "1987"]
[Annotator ""]
[Source ""]
[Remark ""]

1.e4 e6 2.d4 d5 3.Nc3 Bb4 4.e5 c5 5.a3 Bxc3+ 6.bxc3 Ne7 7.Qg4
Ng6 8.h4 h5 9.Qg3 c4 10.a4 Nc6 11.Be2 Bd7 12.Qg5 Qxg5 13.hxg5
h4 14.Bg4 O-O-O 15.Nf3 Rh7 16.Ba3 Rdh8 17.Kd2 Nf4 18.Rh2 f6 19.exf6
gxf6 20.gxf6 Rg8 21.Rxh4 Rf7 22.Rah1 Kc7 23.g3 Ng6 24.Rh6 Rxf6
25.Bh5 Rg7 26.Ke1 Be8 27.Nh4 e5 28.Nxg6 exd4 29.Bf8 Rg8 30.Nf4
Rfxf8 31.Ne6+ Kb8 32.cxd4 Rf5 33.Bxe8 Rxe8 34.Rh8 1-0

[Event "Êîìàíäíîå ïåð-âî ÐÔ 2012 ã. ïî êëàññè÷åñêèì øàõìàòàì "]
[Site "Ðûáèíñê"]
[Date "2012.08.03"]
[Round "2.64"]
[White "Èâàíîâà Êàðèíà"]
[Black "Áåëîâà Îëüãà"]
[Result "0-1"]
[WhiteElo "1970"]
[BlackElo "2084"]
[Annotator ""]
[Source ""]
[Remark ""]

1.d4 Nf6 2.c4 e6 3.Nf3 Bb4+ 4.Bd2 Qe7 5.Nc3 Nc6 6.Qc2 d6 7.a3
Bxc3 8.Bxc3 a5 9.e4 e5 10.d5 Nb8 11.b4 axb4 12.axb4 Rxa1+ 13.Bxa1
Na6 14.c5 O-O 15.Bxa6 bxa6 16.O-O Nh5 17.Rc1 f5 18.cxd6 cxd6
19.Bb2 Nf4 20.Rd1 fxe4 21.Qxe4 Bg4 22.Kf1 Qd7 23.Ng5 Rf5 24.Ne6
Rf6 25.Rd2 Qb5+ 26.Ke1 Bf5 27.Qf3 Nd3+ 28.Kd1 Qxb4 29.Qg3 Qa4+
30.Ke2 Qe4+ 31.Qe3 Qxd5 32.Nc7 Qc4 33.Qb6 Nf4+ 0-1

[Event "Êîìàíäíîå ïåð-âî ÐÔ 2012 ã. ïî êëàññè÷åñêèì øàõìàòàì "]
[Site "Ðûáèíñê"]
[Date "2012.08.03"]
[Round "2.71"]
[White "Ñàâèöêèé Ñåðãåé"]
[Black "Þôôà Äàíèèë"]
[Result "1/2-1/2"]
[WhiteElo "2368"]
[BlackElo "2354"]
[Annotator ""]
[Source ""]
[Remark ""]

1.e4 c5 2.Nf3 d6 3.c3 Nf6 4.Bd3 g6 5.O-O Bg7 6.Bc2 Bg4 7.d3 Bxf3
8.Qxf3 Nc6 9.Be3 O-O 10.a4 a6 11.Na3 Nd7 12.Rad1 b5 13.axb5 axb5
14.d4 b4 15.Nc4 bxc3 16.bxc3 cxd4 17.cxd4 Qc7 18.e5 dxe5 19.Be4
Rac8 20.Bxc6 Qxc6 21.Qxc6 Rxc6 22.Nxe5 Nxe5 23.dxe5 Bxe5 24.Rd7
Bd6 25.g4 f6 26.Rb1 Kf7 27.h3 Rfc8 28.Rdb7 R8c7 29.R7b5 Ra6 30.Kg2
Ra2 31.R1b3 Rc6 32.Kf3 Rca6 33.Bc5 Bxc5 34.Rxc5 R2a3 35.Rcc3
Rxb3 36.Rxb3 f5 37.Rb8 Ra3+ 38.Kg2 Ra7 39.Rh8 Kg7 40.Re8 Kf6
41.Rf8+ Kg7 42.Re8 Rb7 43.Kg3 Rb3+ 44.Kg2 Kf6 45.Rf8+ Kg5 46.gxf5
gxf5 47.Rf7 e5 48.Rxh7 e4 49.Re7 Kf4 50.Re8 Rb7 51.Rg8 Ke5 52.Re8+
Kf6 53.Rf8+ Kg5 54.Rg8+ Kf4 55.Rg6 Ke5 56.Rg8 f4 57.Re8+ Kd4
58.Rd8+ Ke5 59.Re8+ Kf5 60.Rf8+ Kg5 61.Re8 Kf5 62.Rf8+ Ke5 63.Re8+ 1/2-1/2

[Event "Êîìàíäíîå ïåð-âî ÐÔ 2012 ã. ïî êëàññè÷åñêèì øàõìàòàì "]
[Site "Ðûáèíñê"]
[Date "2012.08.03"]
[Round "2.72"]
[White "Êîòëÿð Êèðèëë"]
[Black "Ïðàíèçèí Ãåííàäèé"]
[Result "1-0"]
[WhiteElo "2292"]
[BlackElo "2153"]
[Annotator ""]
[Source ""]
[Remark ""]

1.d4 Nf6 2.Nf3 g6 3.c4 Bg7 4.g3 O-O 5.Bg2 d6 6.O-O c6 7.Nc3 Qc7
8.h3 e5 9.e4 Nbd7 10.Be3 Re8 11.Qc2 a6 12.Rad1 b6 13.b4 a5 14.a3
axb4 15.axb4 Ba6 16.Qb3 exd4 17.Nxd4 Ne5 18.b5 cxb5 19.Ndxb5
Qxc4 20.Qxc4 Nxc4 21.e5 Nxe3 22.fxe3 Rac8 23.exf6 Bf8 24.Rfe1
Rc5 25.Bf1 Rec8 26.Nxd6 Rxc3 27.Bxa6 Rd8 28.Ne4 Rxe3 29.Rxe3
Rxd1+ 30.Kg2 h6 31.Rc3 Ra1 32.Bb7 Ra7 33.Bd5 Rd7 34.Bb3 Bb4 35.Rc4
Ba3 36.Ra4 Bb2 37.Ra8+ 1-0

[Event "Êîìàíäíîå ïåð-âî ÐÔ 2012 ã. ïî êëàññè÷åñêèì øàõìàòàì "]
[Site "Ðûáèíñê"]
[Date "2012.08.03"]
[Round "2.73"]
[White "Îðåõîâ Íèêîëàé"]
[Black "Ïîïîâ Ìèõàèë"]
[Result "1/2-1/2"]
[WhiteElo "2085"]
[BlackElo "2186"]
[Annotator ""]
[Source ""]
[Remark ""]

1.d4 Nf6 2.c4 b6 3.Nc3 Bb7 4.Qc2 d5 5.cxd5 Nxd5 6.Nxd5 Qxd5 7.Nf3
e6 8.e3 Bd6 9.Bd3 Nd7 10.Bd2 Nf6 11.Qa4+ Bc6 12.Qc2 O-O 13.O-O
Bb7 14.Rfd1 Rac8 15.Be1 Qh5 16.e4 c5 17.dxc5 Bxc5 18.Qe2 Rfd8
19.Bc2 Bd6 20.h3 h6 21.Bc3 Nh7 22.Rd2 Ng5 23.Nxg5 Qxg5 24.Rad1
Bc5 25.Rxd8+ Rxd8 26.Rxd8+ Qxd8 27.Qd3 Qh4 28.Bd4 Bxe4 29.Qxe4
Qxe4 30.Bxe4 Bxd4 31.b3 Kf8 32.Kf1 Ke7 33.Bd3 Kd6 34.Bc4 Kc5
35.a4 Kb4 36.Ke2 Kc3 37.f4 g5 38.f5 exf5 39.Bxf7 g4 40.hxg4 fxg4
41.Be6 h5 42.Bc4 Bc5 43.g3 Bd4 44.Kf1 Bc5 1/2-1/2